| 000 | 00392 a2200145 4500 | ||
|---|---|---|---|
| 001 | 159633 | ||
| 020 | _a | ||
| 040 | _cMagnum | ||
| 100 | _aLopes, Antonio | ||
| 240 | 1 | 0 |
_aEnciclopedia contemporanea de psicologia e relacoes humanas/v.1 _lpor |
| 245 | 1 | 0 | _aEnciclopedia contemporanea de psicologia e relacoes humanas/v.1 |
| 362 | 0 | _a1899 | |
| 697 | _aMAGNITO: ENCICLOPEDIAS | ||
| 942 | _cBK | ||
| 999 |
_c159633 _d159633 |
||